书目信息 |
| 题名: |
人间惆怅客 此生不负卿
|
|
| 作者: | 吴玲 著 | |
| 分册: | ||
| 出版信息: | 北京 中国纺织出版社 2016 |
|
| 页数: | 230页 | |
| 开本: | 23cm | |
| 丛书名: | ||
| 单 册: | ||
| 中图分类: | I207.23 , K825.6=49 | |
| 科图分类: | ||
| 主题词: | ||
| 电子资源: | ||
| ISBN: | 978-7-5180-2780-4 | |
| 000 | 00980nam0 22002651 450 | |
| 001 | 0102093631 | |
| 005 | 20170402093631.0 | |
| 010 | @a978-7-5180-2780-4@dCNY35.00 | |
| 100 | @a20160929d2016 em y0chiy50 ea | |
| 101 | 0 | @achi |
| 102 | @aCN@b110000 | |
| 105 | @ay z 000yb | |
| 106 | @ar | |
| 200 | 1 | @a人间惆怅客 此生不负卿@Aren jian chou chang ke ci sheng bu fu qing@e纳兰词传@f吴玲著 |
| 210 | @a北京@c中国纺织出版社@d2016 | |
| 215 | @a230页@d23cm | |
| 330 | @a本书分为东风回首尽成非、谁念秋风独自凉、来生再续未了缘、十年踪迹十年心、断肠声里忆平生、知君此际情萧索等九卷,主要包括:别有根芽,不是人家富贵花;寒月悲笳,万里西风瀚海沙等。 | |
| 517 | 1 | @a纳兰词传@Ana lan ci chuan |
| 600 | 0 | @a纳兰性德@Ana lan xing de@f(1654-1685)@x词(文学)@x文学欣赏 |
| 600 | 0 | @a纳兰性德@Ana lan xing de@f(1654-1685)@x传记 |
| 690 | @aI207.23@v5 | |
| 690 | @aK825.6=49@v5 | |
| 701 | 0 | @a吴玲@Awu ling@4著 |
| 801 | 0 | @aCN@bTANGWEI@c20170308 |
| 905 | @b0964426-9@dI207.23@e988@f4 | |
| 人间惆怅客 此生不负卿:纳兰词传/吴玲著.-北京:中国纺织出版社,2016 |
| 230页;23cm |
| ISBN 978-7-5180-2780-4:CNY35.00 |
| 本书分为东风回首尽成非、谁念秋风独自凉、来生再续未了缘、十年踪迹十年心、断肠声里忆平生、知君此际情萧索等九卷,主要包括:别有根芽,不是人家富贵花;寒月悲笳,万里西风瀚海沙等。 |
| ● |
| 相关链接 |
|
|
|
|
正题名:人间惆怅客 此生不负卿
索取号:I207.23/988
 
预约/预借
| 序号 | 登录号 | 条形码 | 馆藏地/架位号 | 状态 | 备注 |
| 1 | 0964426 | 209644269 | 第一样本阅览室/ [索取号:I207.23/988] | 在馆 | |
| 2 | 0964427 | 209644278 | 第二借阅区/ [索取号:I207.23/988] | 在馆 | |
| 3 | 0964428 | 209644287 | 第二借阅区/ [索取号:I207.23/988] | 在馆 | |
| 4 | 0964429 | 209644296 | 第二借阅区/ [索取号:I207.23/988] | 在馆 |